Detalles MARC
| 000 -LÍDER |
| Campo fijo de descripción fija |
02613cam a2200313 i 4500 |
| 001 - NÚMERO DE CONTROL |
| Campo de control |
768714001 |
| 003 - IDENTIFICADOR DEL NÚMERO DE CONTROL |
| Campo de control |
CO-MdFUSB |
| 005 - FECHA Y HORA DE LA ULTIMA TRANSACCIÓN |
| control field |
20230601103211.0 |
| 007 - CAMPO FIJO DE DESCRIPCIÓN FIJA--INFORMACIÓN GENERAL |
| Campo fijo de descripción fija |
ta |
| 008 - ELEMENTOS DE LONGITUD FIJA -- INFORMACIÓN GENERAL |
| Campo fijo de descripción fija -- Información general |
211120t2005 sp ||||| |||| 00| 0 spa d |
| 020 ## - NÚMERO INTERNACIONAL NORMALIZADO PARA LIBROS |
| Número Internacional Normalizado del libro |
84-8164-778-0 |
| 040 ## - FUENTE DE CATALOGACIÓN |
| Idioma de catalogación |
spa. |
| Agencia de catalogación original |
CO-MdFUSB |
| Agencia que realiza la transcripción |
CO-MdFUSB |
| Agencia que realiza la modificación |
CO-MdFUSBC |
| Convenciones de la descripción |
rda |
| 041 ## - CÓDIGO DE IDIOMA |
| Código de idioma para texto/pista de sonido o título separado |
spa |
| 082 04 - NÚMERO DE CLASIFICACIÓN DECIMAL DEWEY |
| Número de la edición del Dewey |
23 |
| Número de clasificación |
R 230.3 |
| Clave de autor-Numero de item |
T153n |
| 245 10 - TÍTULO |
| Título del Material |
Nuevo Diccionario de Teología / |
| Mención de responsabilidad, etc. |
Juan José Tamayo Acosta, Director |
| 264 #1 - PRODUCCIÓN, PUBLICACIÓN, DISTRIBUCIÓN, MANUFACTURA, Y COPYRIGHT |
| Lugar de producción, publicación, distribución, manufactura |
Madrid : |
| Nombre del productor, publicador, distribuidor |
Trotta, |
| Fecha de producción, publicación, distribución, manufactura, o copyright |
[2005] |
| 264 #4 - PRODUCCIÓN, PUBLICACIÓN, DISTRIBUCIÓN, MANUFACTURA, Y COPYRIGHT |
| Fecha de producción, publicación, distribución, manufactura, o copyright |
© 2005 |
| 300 ## - DESCRIPCIÓN FÍSICA |
| Extensión |
989 páginas |
| Dimensiones |
; 23 cm |
| 336 ## - TIPO DE CONTENIDO |
| Fuente |
rdacontent |
| Término de tipo de contenido |
texto |
| Código de tipo de contenido |
txt |
| 337 ## - TIPO DE MEDIO |
| Fuente |
rdamedia |
| Nombre del tipo de medio |
sin mediación |
| Código del tipo de medio |
n |
| 338 ## - TIPO DE SOPORTE |
| Fuente |
rdacarrier |
| Nombre del tipo de soporte |
volumen |
| Código Tipo de soporte |
nc |
| 505 ## - NOTA DE CONTENIDO |
| Nota de contenido con formato preestablecido |
Agnosticismo - Amor - Anglicanismo - Antiguo Testamento - Antropología teológica - Apócrifos - Autoridad y poder - Bautismo y Confirmación - Biblia - Bienaventuranzas - Bioética - Carisma e institución - Catolicismo - Ciencia y religión - Comunidad - Concilios - Consejo Mundial de Iglesias, CMI - Conversión - Creación y ecología - Credo/confesiones de fe - Creencia e increencia - Cristianismo - Cristología - Culto - Diálogo inter- e intrareligioso - Dios - Dogma - Ecumenismo - Escatología - Esperanza - Espíritu Santo - Espiritualidad - Estética y religión - Ética teológica - Eucaristía - Evangelio - Experiencia religiosa - Fe - Filosofía y religión - Fuente Q - Fundamentalismo - Globalización y experiencia religiosa - Gnosis - Gracia y ley - Hermenéutica - Identidad cristiana - Iglesia - Iglesias ortodoxas - Interculturalidad y cristianismo - Jesús de Nazaret - Judaísmo - Justificación y justicia - Lenguaje religioso - Liberación - Libertad - Magisterio - Mal - María - Matrimonio - Mesianismo - Milagro - Ministerios - Misión/evangelización - Misterio - Mística - Mito y desmitologización - Modernidad, postmodernindad y cristianismo - Monoteísmo y politeísmo - Muerte - Nuevo Testamento - Opción por los pobres - Oración - Patrística - Paz y violencia - Pecado/culpa - Pecado original - Penitencia - Pentecostalismo - Profetismo - Protestantismo - Qumrán - Reino de Dios - Religión - Resurección - Revelación - Sacramentos - Salvación/soteriología - Símbolo - Solidaridad - Teísmo y ateísmo - Teodicea - Teología - Teología política - Teología de la religiones - Teologías feministas - Teologías de la liberación - Teologías del siglo XX - Tradición - Trinidad - Verdad - Virtud |
| 563 ## - NOTA DE ENCUADERNACIÓN |
| Nota de encuadernación |
Tapa dura |
| 653 ## - TÉRMINO DE INDIZACIÓN - NO CONTROLADO |
| Término no controlado |
Teología |
| 653 ## - TÉRMINO DE INDIZACIÓN - NO CONTROLADO |
| Término no controlado |
Diccionario |
| 700 ## - ASIENTO SECUNDARIO - NOMBRE PERSONAL |
| 9 (RLIN) |
4663 |
| Nombre personal |
Tamayo Acosta, Juan José, |
| Responsabilidad |
director |
| 942 ## - TIPO DE MATERIAL (KOHA) |
| Tipo de Item KOHA |
Libros de Referencia |
| 945 ## - INFORMACIÓN LOCAL DEL REGISTRO |
| Catalogador |
Mag 1104 |